| 000 | 01838cam a2200457 i 4500 | ||
|---|---|---|---|
| 001 | 22418964 | ||
| 005 | 20250306111608.0 | ||
| 008 | 220210s2022 enk b 0|1 0 eng d | ||
| 010 | _a 2022932625 | ||
| 015 |
_aGBC249605 _2bnb |
||
| 016 | 7 |
_a020526551 _2Uk |
|
| 020 | _a1788971329 | ||
| 020 | _a9781788971324 | ||
| 035 | _a(OCoLC)on1280600908 | ||
| 040 |
_aYDX _beng _cYDX _dBDX _dUKMGB _dOCLCO _dOCLCF _dFML _dYDX _dDLC |
||
| 042 | _alccopycat | ||
| 050 | 0 | 0 |
_aK2100 _b.K39 2022 |
| 082 | 0 | 4 |
_a347.01 _223 |
| 100 | 1 | _aKay, Richard S. | |
| 245 | 1 | 0 |
_aAdjudicating revolution : _bcourts and constitutional change. |
| 260 |
_aCheltenham, UK : _bEdward Elagar Publishing, _c[2022] |
||
| 300 |
_axi, 240 pages; _c25 cm. |
||
| 336 |
_atext _2rdacontent |
||
| 365 | _bRs. 11130.00 | ||
| 490 | 1 | _aElgar monographs in constitutional and administrative law | |
| 504 | _aIncludes bibliographical references and index. | ||
| 505 | _aContents: 1. Introduction: the law of revolutions; 2. Confederate States of America, 1861–96; 3. Argentina, 1865–1990; 4. Colombia, 1957–2003; 5. Rhodesia, 1965–70; 6. Spain and Catalonia, 1935–2019; 7. Grenada, 1985; 8. Peru, 2002–03; 9. Fiji, 2001–09; Appendix: Other cases; Index. | ||
| 650 | 0 |
_aCourts _xPolitical aspects. |
|
| 650 | 0 | _aRevolutions. | |
| 650 | 0 |
_aConstitutional law _vCases. |
|
| 650 | 6 |
_aTribunaux _xAspect politique. |
|
| 650 | 6 | _aRévolutions. | |
| 650 | 6 |
_aDroit constitutionnel _vJurisprudence. |
|
| 650 | 7 |
_arevolutions. _2aat |
|
| 650 | 7 |
_aConstitutional law. _2fast _0(OCoLC)fst00875797 |
|
| 650 | 7 |
_aRevolutions. _2fast _0(OCoLC)fst01096737 |
|
| 655 | 7 |
_aTrials, litigation, etc. _2fast _0(OCoLC)fst01423712 |
|
| 700 | 1 | _aColon-Rios, Joel I. | |
| 830 | 0 | _aElgar monographs in constitutional and administrative law. | |
| 942 |
_2ddc _cBK |
||
| 999 |
_c213389 _d213389 |
||